000
00322 a2200109 4500
001
ART_11749
005
20260410161900.0
008
260409a
245
1
0
_a
Voting over income tax schedules
100
1
_a
Roberts, Kevin
773
0
_t
Journal of public economics
_g
- Vol. 8, NÂș 3 (dic. 1977)
_w
REV11485
999
_c
25795
_d
25795